00426nam a2200133Ia 4500003000400000008004100004040001600045082001700061100002000078245008500098260009300183300001100276490000500287GCL140319s9999 xx 000 0 ara d aGCL / cGCL04a212.5bح م1 aحيدر قطن10aالمسلمة المعاصرة التزام ودعوة. ط1 / cحيدر قطن a[S.N] : bدار البشير للثقافة والعلوم الاسلامية ، c1991 a126 ص a